Länder, die reicher sind als Israel - Sudden Death - Statistiken

Allgemein
  • Dieses Quiz wurde 121 mal gespielt
  • Das Durchschnittsergebnis liegt bei 4 aus 13
Answers on the Grid
Answers color-coded by a green-red scale on the quiz's grid according to % correct below.
Iran🇮🇷
Griechenland🇬🇷
Rumänien🇷🇴
Österreich🇦🇹
Thailand🇹🇭
Philippinen🇵🇭
Südafrika🇿🇦
Argentinien🇦🇷
Kolumbien🇨🇴
Portugal🇵🇹
Finnland🇫🇮
Malaysia🇲🇾
Belgien🇧🇪
Schweden🇸🇪
Irland🇮🇪
Polen🇵🇱
Mexiko🇲🇽
Indonesien🇮🇩
Saudi-Arabien🇸🇦
Taiwan🇹🇼
VAE🇦🇪
Singapur🇸🇬
Spanien🇪🇸
Indien🇮🇳
Deutschland🇩🇪
Vereinigtes Königreich🇬🇧
 
Antwortstatistiken
Antwort % Korrekt
Deutschland🇩🇪
80%
Vereinigtes Königreich🇬🇧
58%
Saudi-Arabien🇸🇦
36%
Spanien🇪🇸
34%
VAE🇦🇪
31%
Indien🇮🇳
20%
Polen🇵🇱
19%
Belgien🇧🇪
17%
Schweden🇸🇪
15%
Irland🇮🇪
14%
Indonesien🇮🇩
12%
Taiwan🇹🇼
12%
Mexiko🇲🇽
10%
Keine übereinstimmenden Quizze gefunden
Verteilung der Resultate
Anzahl Personen mit jedem Resultat
Perzentil nach korrekt beantworteten Fragen
Ihre Resultats-Entwicklung
Sie haben dieses Quiz noch nicht gespielt